Ako zvýšiť delegovaním svoju efektivitu?

Pomoc podriadeným rozvíjať sa profesionálne. Delegovanie úloh na podriadených. Používanie otázok namiesto príkazov. Znalosť silných a slabých stránok podriadených. Samostatné myslenie podriadených. Zdroje k práci podriadených.

Gespeichert in:
Bibliographische Detailangaben
Format: Buchkapitel
Sprache:Slowakisch
Schlagworte:
Tags: Tag hinzufügen
Keine Tags, Fügen Sie das erste Tag hinzu!

MARC

LEADER 00000naa$a2200000$$$4500
001 0077990
005 20231116120136.5
041 0 |a slo 
044 |a SK 
245 1 0 |a Ako zvýšiť delegovaním svoju efektivitu? 
520 |a Pomoc podriadeným rozvíjať sa profesionálne. Delegovanie úloh na podriadených. Používanie otázok namiesto príkazov. Znalosť silných a slabých stránok podriadených. Samostatné myslenie podriadených. Zdroje k práci podriadených. 
610 2 0 |a efektívnosť 
610 2 0 |a delegovanie 
610 2 0 |a lídri 
610 2 0 |a manažéri 
610 2 0 |a práca